| 000 | 00674cam a22002297a 4500 | ||
|---|---|---|---|
| 001 | 001197 | ||
| 003 | armpunfd | ||
| 005 | 20140612090634.0 | ||
| 008 | 021018e2####xx#a##########000#0#und#d | ||
| 040 |
_aarmpunfd _carmpunfd |
||
| 080 | _a340.11 AG 74 | ||
| 245 | 1 | 0 | _aAgora philosophica. revista marplatense de filosofia |
| 260 |
_a Ar Del Plata : Asociacion Argentina De Investigaciones Eticas _b2000. AñO 1 _cNº 2. ISSN 1515-3142 |
||
| 300 | _avol. v | ||
| 650 | 7 |
_a Etica _2LEMB |
|
| 650 | 7 |
_a Filosofia _2LEMB |
|
| 650 | 7 |
_a Metafisica _2LEMB |
|
| 650 | 7 |
_a Metafora _2LEMB |
|
| 650 | 7 |
_a Oralidad _2LEMB |
|
| 942 |
_cLB _2cdu |
||
| 945 |
_aCatalis _d2010-08-19 |
||
| 999 |
_c1188 _d231692 |
||